[Event "Berlin-ch Seniors op 39th"]
[Site "Berlin"]
[Date "2023.01.25"]
[Round "2"]
[White "Herrmann, Dirk"]
[Black "Braeunlin, Herbert"]
[Result "1-0"]
[WhiteElo "1842"]
[BlackElo "2077"]
[PlyCount "120"]
[EventDate "2023.01.24"]
[EventType "swiss"]
[EventRounds "9"]
[EventCountry "GER"]
[SourceTitle "CBM 212 Extra"]
[Source "ChessBase"]
[SourceDate "2023.03.31"]
[SourceVersion "1"]
[SourceVersionDate "2023.03.31"]
[SourceQuality "1"]

1. Nf3 d5 2. e3 Nf6 3. c4 e6 4. Nc3 c5 5. cxd5 Nxd5 6. Bb5+ Bd7 7. Bxd7+ Nxd7 8. Nxd5 exd5 9. d4 c4 10. 0-0 Bd6 11. Bd2 0-0 12. Qa4 a6 13. Bb4 b5 14. Qa3 Bxb4 15. Qxb4 Rb8 16. Qd6 Nb6 17. Qf4 Na4 18. Rab1 Re8 19. Ne5 Qc7 20. Rfc1 f6 21. Nd3 Qe7 22. Ne1 b4 23. Qf5 Rb5 24. Nf3 Qe6 25. Qxe6+ Rxe6 26. Kf1 c3 27. b3 Nb6 28. Ne1 Nc8 29. Nd3 Nd6 30. Nc5 Re7 31. Ra1 a5 32. Ke2 Kf7 33. Kd3 Rb8 34. Kc2 Nb5 35. Re1 Rbe8 36. Rad1 f5 37. Nd3 g5 38. h4 h6 39. hxg5 hxg5 40. Rh1 f4 41. Ne5+ Kf6 42. Rh6+ Kf5 43. Kd3 Re6 44. g4+ fxg3 45. Rh3 c2 46. Rf1 Rxe5 47. dxe5 g2 48. Rc1 Nc3 49. Rf3+ Kxe5 50. Rg3 Ne4 51. Rxg2 a4 52. Rxc2 axb3 53. axb3 Kf5 54. Rg1 Ra8 55. f3 Nf6 56. Rc5 Ra3 57. Rb1 Ra2 58. e4+ Kf4 59. exd5 Rf2 60. d6 Rxf3+ 1-0